01166nam a2200193Ia 4500001001100000003001000011008004100021040002500062041001300087100002700100245005400127250001100181260009200192300002800284500026000312501011400572520026000686650002600946L871-38056IT-CnALBA170116s9999||||xx |||||||||||||| ||und|| aIT-CnALBAcIT-CnALBA aITALIANO aVALERIO MASSIMO, POETA 0aVALERIO MASSIMO VOLGARIZZATO. VOL. I. LIBRI I-V.  a1a ed. a TREVISObTRENTO G. & FIGLI, TIPOGRAFIA c1821 [1° Ed.:1821 - Ed.Ling.Originale: 1821] a350 p. (prefazione: 85) aPREFAZIONE. RELIGIONE, AFFETTATA, RIGETTATA. AUGURI. PRESAGI. PRODIGI SOGNI MIRACOLI. MATRIMONI. DOVERI DEI MAGISTRATI. E DEGLI ORDINI DELLA REPUBBLICA. USI MILITARI. SPETTACOLI. FRUGALITA' INNOCENZA. DISCIPLINA MILITARE. TRIONFI. CENSURA. INDOLE. CORAGGI aSocietà San Paolo EM - Piazza San Paolo, 14 - 12051 ALBA (CN) (non commercial uses only) ® Copyright 2017 aPREFAZIONE. RELIGIONE, AFFETTATA, RIGETTATA. AUGURI. PRESAGI. PRODIGI SOGNI MIRACOLI. MATRIMONI. DOVERI DEI MAGISTRATI. E DEGLI ORDINI DELLA REPUBBLICA. USI MILITARI. SPETTACOLI. FRUGALITA' INNOCENZA. DISCIPLINA MILITARE. TRIONFI. CENSURA. INDOLE. CORAGGI aPROSE E POESIA LATINA